Countries by First Two Letters - Statistics

General Stats
  • This quiz has been taken 335 times
    249 since last reset
  • The average score is 124 of 199
Answer Stats
Country % Correct
Saudi Arabia
94%
Saint Kitts and Nevis
92%
North Korea
91%
San Marino
91%
Norway
87%
Saint Vincent and the Grenadines
86%
Bahamas
85%
Bahrain
85%
Barbados
85%
Democratic Republic of the Congo
85%
South Korea
85%
Belarus
84%
Belgium
84%
Belieze
84%
Benin
84%
Armenia
83%
Aruba
83%
Cabo Verde
83%
Cambodia
83%
Cameroon
83%
Canada
83%
Macau
83%
Macedonia
83%
Madagascar
83%
Malawi
83%
Malaysia
83%
Maldives
83%
Mali
83%
Malta
83%
Marshall Islands
83%
Mauritania
83%
Mauritius
83%
South Sudan
82%
Swaziland
82%
United Kingdom
82%
Republic of the Congo
81%
Andorra
79%
Angola
79%
Antigua and Barbuda
79%
Bolivia
79%
Bosnia and Herzegovina
79%
Botswana
79%
Brazil
79%
Brunei
79%
Sao Tome and Principe
79%
Albania
78%
Algeria
78%
Chad
78%
Chile
78%
China
78%
United Arab Emirates
78%
Colombia
77%
Comoros
77%
Costa Rica
77%
Cote d'Ivore
77%
Saint Lucia
77%
Australia
76%
Austria
76%
Solomon Islands
76%
Somalia
76%
South Africa
76%
Nepal
75%
Netherlands
75%
New Guinea
75%
New Zealand
75%
Georgia
74%
Germany
74%
Pakistan
73%
Palau
73%
Palestine
73%
Panama
73%
Papua
73%
Paraguay
73%
Holy See
72%
Samoa
72%
Iran
71%
Iraq
71%
Ireland
71%
Fiji
70%
Finland
70%
Moldova
70%
Monaco
70%
Mongolia
70%
Montenegro
70%
Morocco
70%
Mozambique
70%
Nicaragua
70%
Niger
70%
Nigeria
70%
Poland
68%
Portugal
68%
Mexico
66%
Argentina
65%
East Timor
65%
Jamaica
65%
Japan
65%
Afghanistan
64%
France
63%
Guatemala
63%
Guinea
63%
Guinea-Bissau
63%
Guyana
63%
Laos
63%
Latvia
63%
Denmark
62%
Bulgaria
61%
Burkina Faso
61%
Burma
61%
Burundi
61%
Taiwan
61%
Tajikistan
61%
Tanzania
61%
Cuba
60%
Curacao
60%
Sweden
60%
Switzerland
60%
Greece
59%
Grenada
59%
Tunisia
59%
Turkey
59%
Turkmenistan
59%
Tuvalu
59%
Iceland
58%
India
58%
Indonesia
58%
Namibia
57%
Nauru
57%
Liberia
56%
Libya
56%
Liechtenstein
56%
Lithuania
56%
Haiti
55%
Sudan
55%
Suriname
55%
Trinidad and Tobago
55%
Azerbaijan
54%
Italy
54%
Russia
54%
Vanuatu
54%
Kazakhstan
53%
Senegal
53%
Serbia
53%
Seychelles
53%
Peru
51%
Dominica
48%
Dominican Republic
48%
Estonia
48%
Ukraine
48%
Sierra Leone
47%
Singapore
47%
Spain
46%
Venezuela
46%
Gabon
45%
Gambia
45%
Micronesia
45%
Uruguay
45%
Egypt
44%
Honduras
44%
Hungary
43%
Kiribati
43%
Lebanon
43%
Lesotho
43%
Central African Republic
42%
Kosovo
42%
Oman
42%
Slovakia
42%
Slovenia
42%
Togo
42%
Tonga
42%
Ethiopia
41%
Romania
41%
Vietnam
41%
El Salvador
40%
Kenya
40%
Croatia
39%
Ecuador
39%
Eritrea
38%
Israel
38%
Thailand
37%
Yemen
37%
Zambia
37%
Czech Republic
35%
Ghana
35%
Jordan
34%
Kuwait
34%
Luxembourg
34%
Bhutan
33%
Djibouti
33%
Kyrgyzstan
33%
Qatar
33%
Zimbabwe
33%
Cyprus
31%
Philippines
31%
Sri Lanka
30%
Equatorial Guinea
29%
Uzbekistan
29%
Uganda
28%
Syria
25%
Rwanda
21%
No matching quizzes found
Score Distribution
Percent of People with Each Score
Percentile by Number Answered
Your Score History
You have not taken this quiz since the last reset